Normal view MARC view

Entry Personal Name

Number of records used in: 1

001 - CONTROL NUMBER

  • control field: 7498

003 - CONTROL NUMBER IDENTIFIER

  • control field: OSt

005 - DATE AND TIME OF LATEST TRANSACTION

  • control field: 20160330185522.0

008 - FIXED-LENGTH DATA ELEMENTS

  • fixed length control field: 160330|| aca||aabn | a|a d

040 ## - CATALOGING SOURCE

  • Original cataloging agency: OSt
  • Transcribing agency: OSt

100 ## - HEADING--PERSONAL NAME

  • Personal name: Johnston, Larry

670 ## - SOURCE DATA FOUND

  • Source citation: Work cat.: (OSt): Johnston, Larry, Politics :, 1997